The United States and the Far East
Guardat en:
| Autor corporatiu: | |
|---|---|
| Format: | Llibre |
| Idioma: | Undetermined |
| Publicat: |
Englewood Cliffs
Prentice-Hall
1962
|
| Matèries: | |
| Etiquetes: |
Afegir etiqueta
Sense etiquetes, Sigues el primer a etiquetar aquest registre!
|
| Thư viện lưu trữ: | Trung tâm Học liệu Trường Đại học Cần Thơ |
|---|
| LEADER | 00532nam a2200181Ia 4500 | ||
|---|---|---|---|
| 001 | CTU_89837 | ||
| 008 | 210402s9999 xx 000 0 und d | ||
| 082 | |a 327.73095 | ||
| 082 | |b A512 | ||
| 110 | |a American Assembly | ||
| 245 | 4 | |a The United States and the Far East | |
| 245 | 0 | |c American Assembly ; Edited by Willard L. Thorp | |
| 260 | |a Englewood Cliffs | ||
| 260 | |b Prentice-Hall | ||
| 260 | |c 1962 | ||
| 650 | |a Eastern question (Far East) | ||
| 904 | |i Bằng | ||
| 980 | |a Trung tâm Học liệu Trường Đại học Cần Thơ | ||